1683 1096 1044 1636 1623 1816 1991 1100 1679 1647 1700 1573 1292 1686 1800 1608 1723 1252 1432 1485 1864 1887 1886 1157 1466 1588 1281 1902 1607 1533 1898 1889 1845 1388 1030 1331 1173 1748 1204 1623 1709 1837 1372 1562 1326 1384 1235 1844 1414 1357 1104 1338 1905 1336 1991 1780 1171 1689 1355 1521 1346 1905 1179 1662 1980 1037 1707 1361 1461 1721 1658 1151 1116 1372 1091 1152 1799 1018 1806 1571 1699 1869 1984 1016 1929 1896 1237 1415 1888 1825 1681 1415 1034 1458 1114 1625 1637 1219 1724 BCNSPRNW ULIB Ver.6.0+V

เปลี่ยนเป็นภาษาไทย

Change to English
 แสดงรายละเอียดบรรณานุกรม
  กลับหน้าหลัก

Brief Record : Get Marc (ISO 2709) : E-mail record : QR code < ปิดหน้าต่าง
LEADER : 00000nam 2200000uu 4500
001    13399113930
003     ULIB
008    110320s||||||||th 000 0 tha d
099    วจ.WY16^bส279บ
100 0  สมศรี ทาทาน
245 00 บทบาทของพยาบาลวิชาชีพตามความคาดหวังกับความเป็นจริง ตามการรับรู้ของนักศึกษาพยาบาล วิทยาลัยพยาบาลบรมราชชนนี พะเยา/^cสมศรี ทาทานและคณะ
260    พะเยา :^bวิทยาลัยพยาบาลบรมราชชนนี พะเยา,^c2553
300    55 หน้า :^bตาราง
500    รายงานการวิจัย
650  7 พยาบาลวิชาชีพ^xความคาดหวัง^xวิจัย
710 2  วิทยาลัยพยาบาลบรมราชชนนี. ^bพะเยา
945    ^p0^l0^i030961
995    ทศพร
999 ^a ใช้งานได้ทุกระบบ
รายการนี้ยังไม่มีแท็ก
คุณยังไม่ได้ล็อกอิน คุณสามารถมีกิจกรรมร่วมกับเว็บไซต์ได้ แต่ต้องล็อกอินก่อน ::
  ล็อกอิน

รายการสื่อสารสนเทศ

ลำดับที่ ประเภท เลขเรียก/บาร์โค้ด สถานที่ สถานะ
1. งานวิจัย
งานวิจัย
วจ.WY16 ส279บ ฉ.1 
  Barcode: 030961
ห้องสมุดวิทยาเขตสวรรค์ประชารักษ์
►วิจัย
บนชั้น

รายการใกล้เคียง
    ผู้แต่ง [สมศรี ทาทาน]

BibComment


ยังไม่เคยถูกคอมเมนท์

คอมเมนท์ทรัพยากรรายการนี้
  คอมเมนท์: บทบาทของพยาบาลวิช..


 Copyright 2026. Bcnsprnw @Library